Sugar confectionery manufacture

Gorde:
Xehetasun bibliografikoak
Formatua: Sách
Hizkuntza:Undetermined
Argitaratua: Chapman & Hall 1999
Gaiak:
Etiketak: Etiketa erantsi
Etiketarik gabe, Izan zaitez lehena erregistro honi etiketa jartzen!
Thư viện lưu trữ: Trung tâm Thư viện - Trường Đại học Công nghiệp TP. Hồ Chí Minh
LEADER 00389nam a2200133Ia 4500
001 UIH_00180
008 230809s9999 xx 000 0 und d
082 |a 664.15 
245 0 |a Sugar confectionery manufacture 
260 |b Chapman & Hall 
260 |c 1999 
650 |a Confectionery; 
927 |a Sách 
980 |a Trung tâm Thư viện - Trường Đại học Công nghiệp TP. Hồ Chí Minh